| 000 | 00899cam a22002893a 4500 | ||
|---|---|---|---|
| 001 | 348 | ||
| 003 | PGUSA | ||
| 005 | 20140828082947.0 | ||
| 008 | 080705s2008||||xxu|||||s|||||000 p eng d | ||
| 040 |
_aPGUSA _beng |
||
| 042 | _adc | ||
| 050 | 4 | _aPA | |
| 100 | 1 | _aHesiod | |
| 245 | 1 | 0 |
_aHesiod, the Homeric Hymns, and Homerica _h[electronic resource] / _cHesiod |
| 260 |
_bProject Gutenberg, _c2008 |
||
| 506 | _aPublic domain in the USA. | ||
| 516 | _aElectronic text | ||
| 653 | _aEpic poetry, Greek -- Translations into English | ||
| 653 | _aHesiod -- Translations into English | ||
| 653 | _aGods, Greek -- Poetry | ||
| 653 | _aHymns, Greek (Classical) -- Translations into English | ||
| 653 | _aEpic poetry, Greek | ||
| 700 | 1 |
_aEvelyn-White, Hugh G. _q(Hugh Gerard), _d1884-1924 |
|
| 830 | 0 |
_aProject Gutenberg _v348 |
|
| 856 | 4 | 0 | _uhttp://www.gutenberg.org/ebooks/348 |
| 942 | _cEB | ||
| 999 |
_c229699 _d229699 |
||